000 00355nam a22001335i 4500
999 _c13386
_d13386
020 _a9781464186943 (soft cover)
082 _a339
100 1 _aStevenson, Betsey.
245 1 0 _aPrinciples of microeconomics /
_cBetsey Stevenson, Justin Wolfers.
250 _a1st edition.
260 _aNew York
_bworth publishers
_c2020
300 _a527 p.
942 _cBK